000 00308nam a22001337a 4500
008 170615b xxu||||| |||| 00| 0 eng d
020 _a9780312035747
041 _aeng
080 _a32
100 _a20
101 _aSHP
245 _aTHE FUTURE OF AMERICAN FOREIGN POLIVY
_cKEGLEY, CH.W
942 _2udc
_cBK
999 _c17667
_d17667